El desafíode la escuela inclusiva a través de los proyectos de trabajo y del método científico en un aula de primaria (Record no. 174722)
[ view plain ]
| 000 -CABECERA | |
|---|---|
| campo de control de longitud fija | 01940nab a2200301 a 4500 |
| 005 - FECHA Y HORA DE LA ÚLTIMA TRANSACCIÓN | |
| campo de control | 20210219162348.0 |
| 008 - ELEMENTOS DE LONGITUD FIJA--INFORMACIÓN GENERAL | |
| campo de control de longitud fija | 991125s1985 mx 000 0 spa u |
| 035 ## - NÚMERO DE CONTROL DEL SISTEMA | |
| Número de control de sistema | UPN01000202621 |
| 049 ## - COLECCIÓN | |
| Colección | ART-E |
| 100 1# - ASIENTO PRINCIPAL--NOMBRE PERSONAL | |
| Nombre de persona | Poza Ruiz, Vanesa |
| 100 1# - ASIENTO PRINCIPAL--NOMBRE PERSONAL | |
| Nombre de persona | De la Blanca de la Paz, Soledad |
| 222 #0 - TÍTULO CLAVE | |
| Título clave | AULA DE ENCUENTRO |
| 245 03 - MENCIÓN DE TÍTULO | |
| Título | El desafíode la escuela inclusiva a través de los proyectos de trabajo y del método científico en un aula de primaria |
| 260 ## - PUBLICACIÓN, DISTRIBUCIÓN, ETC. | |
| Lugar de publicación, distribución, etc. | España |
| 300 ## - DESCRIPCIÓN FÍSICA | |
| Extensión | 4-41 |
| 362 0# - FECHAS DE PUBLICACIÓN Y/O DESIGNACIÓN SECUENCIAL | |
| Fecha de publicación y/o designación secuencial | 2014 Vol. 2, no. 16 |
| 336 ## - TIPO DE CONTENIDO | |
| Término de tipo de contenido | texto$2rdacontent |
| 337 ## - TIPO DE MEDIO | |
| Nombre/término del tipo de medio | computadora$2rdamedia |
| 338 ## - TIPO DE SOPORTE | |
| Nombre/término del tipo de soporte | recurso en linea$2rdacarrier |
| 520 3# - NOTA DE RESUMEN, ETC. | |
| Sumario, etc. | La complejidad y los continuos cambios a los que nos enfrentamos los ciudadanos del siglo XXI tienen su reflejo en la realidad diaria de las aulas. Esta situación plantea como un nuevo reto al sistema educativo el hacer realidad la escuela inclusiva. Este artículo pretende compartir la experiencia realizada a través de un Proyecto de trabajo en un aula de 1º de Educación Primaria bajo la perspectiva del principio de inclusión. Su finalidad ha estado centrada en proporcionar una atención de calidad a la diversidad de niños y niñas del grupo y, como consecuencia, poder satisfacer y dar respuesta a sus necesidades educativas, desarrollando al máximo las capacidades de todos y cada uno de ellos. Describimos el proceso seguido durante el desarrollo del proyecto centrado en las características del alumnado y no en la lógica disciplinar de los contenidos, facilitando la diversificación de la enseñanza y la personalización de las experiencias cooperativas de aprendizaje. |
| 653 0# - TERMINO DE INDIZACION - NO CONTROLADO | |
| Término no controlado | EDUCACION INCLUSIVA |
| 653 0# - TERMINO DE INDIZACION - NO CONTROLADO | |
| Término no controlado | DIVERSIDAD |
| 653 0# - TERMINO DE INDIZACION - NO CONTROLADO | |
| Término no controlado | EDUCACION PRIMARIA |
| 653 0# - TERMINO DE INDIZACION - NO CONTROLADO | |
| Término no controlado | APRENDIZAJE POR PROYECTOS |
| 856 4# - LOCALIZACIÓN Y ACCESO ELECTRÓNICOS | |
| Identificador Uniforme del Recurso | <a href="http://revistaselectronicas.ujaen.es/index.php/ADE/article/view/2116/1888">http://revistaselectronicas.ujaen.es/index.php/ADE/article/view/2116/1888</a> |
| 905 ## - TIPO DE MATERIAL | |
| Tipo de material | Articulo |
No items available.
